000 00290nam a2200109Ia 4500
008 190914s9999||||xx |||||||||||||| ||und||
100 _aJohn Adair,
245 4 _aThe Concise Time Management and Personal Development
260 _aNew Delhi
_bPrentice Hall
_c1999
300 _a804
942 _cBK
999 _c8833
_d8833